Score 0/22 Timer 02:00
0 Plays Today
Movie Title Missing Word % Correct
The Hunt for ____ OctoberRed
92%
You Only ____ TwiceLive
90.4%
____ Are ForeverDiamonds
82.8%
Indiana Jones and the Last ____Crusade
80.4%
From ____ with LoveRussia
80.1%
Never Say Never ____Again
76.7%
The First Great ____ RobberyTrain
75.1%
The League of ____ GentlemenExtraordinary
74.1%
Medicine ____Man
72%
____ on the Orient ExpressMurder
71.5%
Dr. ____No
69.8%
Movie Title Missing Word % Correct
The Man Who Would Be ____King
67.9%
A ____ Too FarBridge
51.7%
Rising ____Sun
50%
The Longest ____Day
43.2%
____ and MarianRobin
36.5%
Finding ____Forrester
33.7%
Darby O'Gill and the Little ____People
26.9%
____ II: The QuickeningHighlander
19.9%
First ____Knight
19.4%
Time ____Bandits
15.8%
The Russia ____House
14.8%

Today's Daily Dose

Missing Word
Rihanna (A-Z)

Get the Picture
Laker Big Men

Remove Ads.
Support Sporcle.
Get the best of Sporcle when you Go Orange. This ad-free experience offers more features, more stats, and more fun while also helping to support Sporcle. Thank you for becoming a member.

You're not logged in!

Compare scores with friends on all Sporcle quizzes.
OR
Log In

Sporcle TV

Today on Sporcle TV


Watch our educational content, quiz creation guides, and fun videos on Sporcle TV.

Show Comments

Extras

Top Quizzes Today


Score Distribution

Paid Content

Your Account Isn't Verified!

In order to create a playlist on Sporcle, you need to verify the email address you used during registration. Go to your Sporcle Settings to finish the process.

Report this User

Report this user for behavior that violates our Community Guidelines.

Details: